[Event "Barcelona Sant Marti op-B 23rd"]
[Site "Barcelona"]
[Date "2023.07.18"]
[Round "6"]
[White "Bilyk, Nikolay"]
[Black "Cortes Ventura, Joaquim"]
[Result "1-0"]
[WhiteElo "1555"]
[BlackElo "1847"]
[PlyCount "61"]
[EventDate "2023.07.13"]
[EventType "swiss"]
[EventRounds "9"]
[EventCountry "ESP"]
[SourceTitle "CBM 215 Extra"]
[Source "ChessBase"]
[SourceDate "2023.09.30"]
[SourceVersion "1"]
[SourceVersionDate "2023.09.30"]
[SourceQuality "1"]

1. e4 c5 2. c3 d5 3. exd5 Qxd5 4. d4 Nf6 5. Nf3 Bg4 6. Be2 cxd4 7. cxd4 e6 8. 0-0 Be7 9. h3 Bh5 10. Nc3 Qd8 11. Qb3 b6 12. Bb5+ Nbd7 13. Ne5 Bd6 14. Bg5 Bxe5 15. dxe5 h6 16. Bh4 g5 17. Bg3 a6 18. exf6 axb5 19. Ne4 0-0 20. Rfc1 Nxf6 21. Nxf6+ Qxf6 22. Qxb5 Qd4 23. Rc6 f5 24. Be5 Qd7 25. Qxb6 Bf7 26. a4 Rxa4 27. Rxa4 Qd1+ 28. Kh2 Qxa4 29. Qc7 Qa8 30. Rxe6 Qc8 31. Rxh6 1-0

[Event "Barcelona Sant Marti op-B 23rd"]
[Site "Barcelona"]
[Date "2023.07.14"]
[Round "2"]
[White "Bilyk, Nikolay"]
[Black "Bernat Mor, Juli"]
[Result "1-0"]
[WhiteElo "1555"]
[BlackElo "1307"]
[PlyCount "59"]
[EventDate "2023.07.13"]
[EventType "swiss"]
[EventRounds "9"]
[EventCountry "ESP"]
[SourceTitle "CBM 215 Extra"]
[Source "ChessBase"]
[SourceDate "2023.09.30"]
[SourceVersion "1"]
[SourceVersionDate "2023.09.30"]
[SourceQuality "1"]

1. e4 c6 2. d4 d5 3. Nc3 dxe4 4. Nxe4 Bf5 5. Ng3 Bg6 6. Nf3 Nd7 7. Bd3 Bxd3 8. Qxd3 Ngf6 9. 0-0 e6 10. Re1 Be7 11. Bf4 0-0 12. c4 Nb6 13. Rad1 a5 14. h4 Re8 15. a3 Nc8 16. c5 b6 17. Qc2 Na7 18. h5 bxc5 19. dxc5 Qc8 20. h6 g6 21. Qc3 Nb5 22. Qe5 Rd8 23. a4 Rxd1 24. Rxd1 Na7 25. Bg5 Qf8 26. Bxf6 Bxf6 27. Qxf6 Re8 28. Rd7 Nc8 29. Ne5 Re7 30. Rd8 1-0